If truth be told: (Record no. 165028)
[ view plain ]
| 000 -LEADER | |
|---|---|
| fixed length control field | 00652nam a22001937a 4500 |
| 005 - DATE AND TIME OF LATEST TRANSACTION | |
| control field | 20190715123436.0 |
| 010 ## - LCCN (DPL NO) | |
| LC control number | B-728365 |
| 020 ## - INTERNATIONAL STANDARD BOOK NUMBER | |
| International Standard Book Number | 9789351368069 |
| Terms of availability | 499.00 |
| 035 ## - SYSTEM CONTROL NUMBER | |
| System control number | B-728365 |
| 037 ## - SOURCE OF ACQUISITION | |
| Source of stock number/acquisition | RK Books |
| 082 ## - DEWEY DECIMAL CLASSIFICATION NUMBER | |
| Classification number | 230.35 |
| 100 ## - MAIN ENTRY--PERSONAL NAME | |
| Personal name | Om Swami |
| 245 ## - TITLE STATEMENT | |
| Title | If truth be told: |
| Remainder of title | a monk's memoir / |
| Statement of responsibility, etc | by Om Swami |
| 260 ## - PUBLICATION, DISTRIBUTION, ETC. (IMPRINT) | |
| Place of publication, distribution, etc | Noida |
| Name of publisher, distributor, etc | Harper Collins |
| Date of publication, distribution, etc | 2014 |
| 270 ## - ADDRESS | |
| Address | A-75, Sector-57 |
| City | Noida |
| Postal code | 201301 |
| 300 ## - PHYSICAL DESCRIPTION | |
| Extent | 253p. |
| Dimensions | 22cm(Hb) |
| 942 ## - ADDED ENTRY ELEMENTS (KOHA) | |
| Source of classification or shelving scheme | Dewey Decimal Classification |
| Item type | English Books |
| Classification part | 230.35 |
| Call number suffix | OMS |
| Withdrawn status | Lost status | Not for loan | Collection code | Home library | Current library | Date acquired | Source of acquisition | Cost, normal purchase price | Full call number | Barcode | Copy number | Cost, replacement price | Koha item type |
|---|---|---|---|---|---|---|---|---|---|---|---|---|---|
| Non-fiction | Central Library | Central Library | 03/06/2019 | RK Books/IN393/2019-20/24-05-19/05/20-05-19/28-05-19 | 499.00 | 230.35 OMS | B-728365 | 1 | 499.00 | English Books |
